000 00537nam a22001577a 4500
003 OSt
005 20151101153543.0
008 151101b xxu||||| |||| 00| 0 eng d
040 _cRUA
082 _aFOR ឡោ 1991 B116 Or.1
100 _93154
_aឡោ សេង
245 _aការស្រោចស្រង់ធនធានព្រៃឈើក្រោយសង្រ្គាមនៅក្នុងខេត្តកំពង់ចាម
260 _aPhnom Penh
_bRUA
_c1991
300 _a48p.
_bill.
_c29cm.
942 _2ddc
_cFOR
999 _c2942
_d2942